| 000 | 00794cam a2200277Ia 4500 | ||
|---|---|---|---|
| 001 | 4319317 | ||
| 003 | ARRUPE | ||
| 005 | 20160323084940.0 | ||
| 008 | 040206s2001 sx 000 p fre d | ||
| 020 | _a9991622284 | ||
| 035 | _a(OCoLC)ocm54369833 | ||
| 035 | _a(NNC)4319317 | ||
| 040 |
_aZCU _cZCU |
||
| 041 | 1 |
_afre _aeng _hfre |
|
| 050 | 4 |
_aPQ3986 _b.M66 2001 |
|
| 245 | 1 | 3 |
_aUn monde idéal-- = _bAn ideal world--. _cUniversity of Namibia. |
| 246 | 3 | 1 | _aIdeal world-- |
| 260 |
_aWindhoek : _bOut of Africa Publishers _c2001. |
||
| 300 |
_a57 p. ; _c21 cm. |
||
| 500 | _aBilingual | ||
| 546 | _aSome poems translated into English. | ||
| 650 | 0 |
_aAfrican poetry _923135 |
|
| 710 | 2 |
_aUniversity of Namibia. _bFrench Department. _923136 |
|
| 942 |
_2lcc _cMONOGRAPH |
||
| 999 |
_c124422 _d124422 |
||